| LEADER | 01204nam a2200241 4500 | ||
|---|---|---|---|
| 082 | |a 320.1 |b L302s. | ||
| 100 | |a Đặng Quang Phùng | ||
| 245 | |a Lịch sử Nhà nước và Pháp luật thế giới |c Đặng Quang Phùng | ||
| 250 | |a | ||
| 520 | |a v.v... | ||
| 653 | |a Chính trị | ||
| 653 | |a Nhà nước | ||
| 653 | |a thế giới | ||
| 653 | |a lịch sử | ||
| 653 | |a pháp luật | ||
| 653 | |a giáo trình | ||
| 942 | |2 ddc |c STK0 | ||
| 999 | |c 9623 |d 9623 | ||
| 952 | |0 0 |1 0 |2 ddc |4 0 |6 320_100000000000000_L302S |7 0 |8 300 |9 76360 |a qbu |b qbu |c D2 |d 2015-05-25 |o 320.1 L302s. |p 9578.c1 |r 0000-00-00 |w 2015-05-25 |y STK0 | ||
| 952 | |0 0 |1 0 |2 ddc |4 0 |6 320_100000000000000_L302S |7 0 |8 300 |9 76361 |a qbu |b qbu |c D2 |d 2015-05-25 |o 320.1 L302s. |p 9578.c2 |r 0000-00-00 |w 2015-05-25 |y STK0 | ||
| 952 | |0 0 |1 0 |2 ddc |4 0 |6 320_100000000000000_L302S |7 0 |8 300 |9 76362 |a qbu |b qbu |c D2 |d 2015-05-25 |o 320.1 L302s. |p 9578.c3 |r 0000-00-00 |w 2015-05-25 |y STK0 | ||
| 952 | |0 0 |1 0 |2 ddc |4 0 |6 320_100000000000000_L302S |7 0 |8 300 |9 76363 |a qbu |b qbu |c D2 |d 2015-05-25 |o 320.1 L302s. |p 9578.c4 |r 0000-00-00 |w 2015-05-25 |y STK0 | ||
| 952 | |0 0 |1 0 |2 ddc |4 0 |6 320_100000000000000_L302S |7 0 |8 300 |9 76364 |a qbu |b qbu |c D2 |d 2015-05-25 |o 320.1 L302s. |p 9578.c5 |r 0000-00-00 |w 2015-05-25 |y STK0 | ||